000 00545nam a2200169Ia 4500
003 LDD
008 190117s9999 xx 000 0 und d
020 _a8121405017
_c₹40
040 _cLDD
041 _ahi
082 _a8H1.09 न1606रा
100 _aनगेन्द्र
245 0 _aराम की शक्ति पुजा
_b निराला की कालजेयी कृति
_cनगेन्द्र
260 _aनई दिल्ली
_bनेशनल
_c1993
300 _a77प्र.
942 _2ddc
_cH
999 _c161911
_d161911